Thesis writing: (Record no. 1992)

MARC details
000 -LEADER
fixed length control field 00490nam a22001697a 4500
005 - DATE AND TIME OF LATEST TRANSACTION
control field 20230327062454.0
008 - FIXED-LENGTH DATA ELEMENTS--GENERAL INFORMATION
fixed length control field 230327b |||||||| |||| 00| 0 eng d
020 ## - INTERNATIONAL STANDARD BOOK NUMBER
International Standard Book Number 978-971-9645-30-6
082 ## - DEWEY DECIMAL CLASSIFICATION NUMBER
Classification number G.S./Fil. 001.4 V161 2016
100 ## - MAIN ENTRY--PERSONAL NAME
Personal name Valenzuela, Edwin G.
Relator term author
245 ## - TITLE STATEMENT
Title Thesis writing:
Remainder of title pointers and guidelines /
Statement of responsibility, etc. Edwin E. Valenzuela
260 ## - PUBLICATION, DISTRIBUTION, ETC.
Place of publication, distribution, etc. Quezon City:
Name of publisher, distributor, etc. Great Books Trading,
Date of publication, distribution, etc. c2016
300 ## - PHYSICAL DESCRIPTION
Extent vii, 138p.
541 ## - IMMEDIATE SOURCE OF ACQUISITION NOTE
Accession number 5410
650 ## - SUBJECT ADDED ENTRY--TOPICAL TERM
Topical term or geographic name entry element Research
650 ## - SUBJECT ADDED ENTRY--TOPICAL TERM
Topical term or geographic name entry element Thesis
Holdings
Withdrawn status Lost status Source of classification or shelving scheme Damaged status Not for loan Home library Current library Date acquired Total Checkouts Full call number Barcode Date last seen Copy number Price effective from Koha item type
    Dewey Decimal Classification     ctu-moalboal ctu-moalboal 10/15/2018   G.S./Fil 001.4 V161 2016 5410 03/27/2023 1 03/27/2023 Books - Graduate School